[Event "The Irish Championship 2020"]
[Site "Colaiste Eanna, Dublin, Ireland"]
[Date "2020.08.04"]
[Round "4"]
[Board "11"]
[White "O'Connell, Gerard"]
[Black "Casey, Eoghan"]
[Result "1/2-1/2"]
[WhiteElo "2075"]
[BlackElo "1954"]
[PlyCount "0"]
[EventDate "2020.08.01"]
[EventRounds "9"]
[EventCountry "IRL"]

1. d4 {[%clk 02:16:06]} {[%emt 00:00:03]} g6 {[%clk 02:05:26]} {[%emt
00:10:45]} 2. c4 {[%clk 02:16:33]} {[%emt 00:00:07]} Bg7 {[%clk 02:05:59]}
{[%emt 00:00:03]} 3. Nf3 {[%clk 02:16:52]} {[%emt 00:00:16]} Nf6 {[%clk
02:06:13]} {[%emt 00:00:22]} 4. Nc3 {[%clk 02:17:06]} {[%emt 00:00:21]} O-O
{[%clk 02:06:43]} {[%emt 00:00:05]} 5. e4 {[%clk 02:17:27]} {[%emt 00:00:13]}
d6 {[%clk 02:07:13]} {[%emt 00:00:05]} 6. Be2 {[%clk 02:17:51]} {[%emt
00:00:11]} e5 {[%clk 02:07:33]} {[%emt 00:00:15]} 7. O-O {[%clk 02:18:18]}
{[%emt 00:00:07]} Nc6 {[%clk 02:08:06]} {[%emt 00:00:02]} 8. d5 {[%clk
02:18:27]} {[%emt 00:00:26]} Ne7 {[%clk 02:08:37]} {[%emt 00:00:03]} 9. Ne1
{[%clk 02:18:03]} {[%emt 00:01:00]} Ne8 {[%clk 02:08:06]} {[%emt 00:01:06]} 10.
Be3 {[%clk 02:18:25]} {[%emt 00:00:12]} f5 {[%clk 02:08:02]} {[%emt 00:00:47]}
11. f3 {[%clk 02:18:32]} {[%emt 00:00:27]} f4 {[%clk 02:08:14]} {[%emt
00:00:23]} 12. Bf2 {[%clk 02:19:01]} {[%emt 00:00:05]} g5 {[%clk 02:07:32]}
{[%emt 00:01:18]} 13. c5 {[%clk 02:18:59]} {[%emt 00:00:37]} h5 {[%clk
02:03:57]} {[%emt 00:04:11]} 14. cxd6 {[%clk 02:19:03]} {[%emt 00:00:31]} Nxd6
{[%clk 02:02:52]} {[%emt 00:01:39]} 15. Nd3 {[%clk 02:14:10]} {[%emt 00:05:27]}
Ng6 {[%clk 01:51:57]} {[%emt 00:11:30]} 16. Nc5 {[%clk 02:13:40]} {[%emt
00:01:05]} b6 {[%clk 01:38:09]} {[%emt 00:14:24]} 17. Ne6 {[%clk 02:09:25]}
{[%emt 00:04:50]} Bxe6 {[%clk 01:38:38]} {[%emt 00:00:06]} 18. dxe6 {[%clk
02:09:48]} {[%emt 00:00:11]} c6 {[%clk 01:36:05]} {[%emt 00:03:09]} 19. Qa4
{[%clk 02:03:36]} {[%emt 00:06:47]} Qc8 {[%clk 00:54:53]} {[%emt 00:41:50]} 20.
Rfd1 {[%clk 01:52:04]} {[%emt 00:12:08]} Rd8 {[%clk 00:54:11]} {[%emt
00:01:16]} 21. Rac1 {[%clk 01:48:54]} {[%emt 00:12:40]} Qxe6 {[%clk 00:32:15]}
{[%emt 00:13:36]} 22. Qxc6 {[%clk 01:47:09]} {[%emt 00:02:20]} Ne7 {[%clk
00:32:21]} {[%emt 00:00:29]} 23. Qa4 {[%clk 01:46:55]} {[%emt 00:00:49]} Kh8
{[%clk 00:27:54]} {[%emt 00:05:01]} 24. Nd5 {[%clk 01:34:39]} {[%emt 00:12:52]}
Nxd5 {[%clk 00:16:17]} {[%emt 00:12:13]} 25. Rxd5 {[%clk 01:34:12]} {[%emt
00:01:01]} Qe7 {[%clk 00:14:22]} {[%emt 00:02:31]} 26. Rcd1 {[%clk 01:31:02]}
{[%emt 00:03:44]} Nf7 {[%clk 00:06:11]} {[%emt 00:08:46]} 27. Rd7 {[%clk
01:24:01]} {[%emt 00:07:35]} Rxd7 {[%clk 00:05:46]} {[%emt 00:01:02]} 28. Qxd7
{[%clk 01:12:01]} {[%emt 00:12:35]} Qxd7 {[%clk 00:06:05]} {[%emt 00:00:15]} 29.
Rxd7 {[%clk 01:12:28]} {[%emt 00:00:07]} Nd8 {[%clk 00:05:59]} {[%emt
00:00:42]} 30. h4 {[%clk 01:09:53]} {[%emt 00:03:10]} Bf6 {[%clk 00:03:56]}
{[%emt 00:02:39]} 31. hxg5 {[%clk 01:09:50]} {[%emt 00:00:36]} Bxg5 {[%clk
00:04:28]} {[%emt 00:00:04]} 32. Bc4 {[%clk 01:09:09]} {[%emt 00:01:17]} Rc8
{[%clk 00:03:43]} {[%emt 00:01:20]} 33. b3 {[%clk 01:00:43]} {[%emt 00:09:00]}
Nc6 {[%clk 00:03:05]} {[%emt 00:01:14]} 34. Ba6 {[%clk 00:57:03]} {[%emt
00:04:15]} Rd8 {[%clk 00:02:41]} {[%emt 00:01:00]} 35. Rxd8+ {[%clk 00:55:49]}
{[%emt 00:01:48]} Bxd8 {[%clk 00:03:07]} {[%emt 00:00:09]} 36. Bc4 {[%clk
00:55:34]} {[%emt 00:00:50]} Kg7 {[%clk 00:02:21]} {[%emt 00:01:21]} 37. g3
{[%clk 00:55:07]} {[%emt 00:01:01]} fxg3 {[%clk 00:02:09]} {[%emt 00:00:48]} 38.
Bxg3 {[%clk 00:55:31]} {[%emt 00:00:10]} h4 {[%clk 00:02:35]} {[%emt 00:00:09]}
39. Bf2 {[%clk 00:54:31]} {[%emt 00:01:35]} Bg5 {[%clk 00:01:35]} {[%emt
00:01:34]} 40. Be6 {[%clk 00:53:20]} {[%emt 00:01:46]} Nb4 {[%clk 00:01:25]}
{[%emt 00:00:46]} 41. Kg2 {[%clk 00:52:04]} {[%emt 00:01:50]} Nd3 {[%clk
00:01:31]} {[%emt 00:00:29]} 42. Bc4 {[%clk 00:52:08]} {[%emt 00:00:31]} Nxf2
{[%clk 00:01:36]} {[%emt 00:00:30]} 43. Kxf2 {[%clk 00:52:39]} {[%emt
00:00:04]} Kf6 {[%clk 00:01:19]} {[%emt 00:00:53]} 44. Kg2 {[%clk 00:52:49]}
{[%emt 00:00:24]} Bf4 {[%clk 00:01:35]} {[%emt 00:00:20]} 45. Ba6 {[%clk
00:53:13]} {[%emt 00:00:10]} Ke7 {[%clk 00:02:00]} {[%emt 00:00:11]} 46. Kh3
{[%clk 00:53:20]} {[%emt 00:00:27]}  1/2-1/2

[Event "The Irish Championship 2020"]
[Site "Colaiste Eanna, Dublin, Ireland"]
[Date "2020.08.04"]
[Round "4"]
[Board "12"]
[White "Melaugh, Gavin"]
[Black "Putar, Leon"]
[Result "1-0"]
[WhiteElo "2003"]
[BlackElo "1894"]
[PlyCount "0"]
[EventDate "2020.08.01"]
[EventRounds "9"]
[EventCountry "IRL"]

1. Nf3 {[%clk 02:11:07]} {[%emt 00:05:00]} Nf6 {[%clk 02:15:12]} {[%emt
00:00:58]} 2. c4 {[%clk 02:10:51]} {[%emt 00:00:51]} g6 {[%clk 02:14:05]}
{[%emt 00:01:43]} 3. b3 {[%clk 02:09:47]} {[%emt 00:01:38]} Bg7 {[%clk
02:13:37]} {[%emt 00:01:03]} 4. Bb2 {[%clk 02:10:01]} {[%emt 00:00:21]} O-O
{[%clk 02:11:58]} {[%emt 00:02:14]} 5. e3 {[%clk 02:07:55]} {[%emt 00:02:41]}
c5 {[%clk 02:11:04]} {[%emt 00:01:29]} 6. Be2 {[%clk 02:05:59]} {[%emt
00:02:30]} Nc6 {[%clk 02:06:10]} {[%emt 00:05:29]} 7. O-O {[%clk 02:04:54]}
{[%emt 00:01:40]} b6 {[%clk 02:04:47]} {[%emt 00:01:58]} 8. d4 {[%clk
02:02:18]} {[%emt 00:03:11]} cxd4 {[%clk 02:04:02]} {[%emt 00:01:21]} 9. exd4
{[%clk 01:58:19]} {[%emt 00:04:34]} d5 {[%clk 02:03:39]} {[%emt 00:00:59]} 10.
Ne5 {[%clk 01:53:47]} {[%emt 00:05:06]} Bb7 {[%clk 01:58:27]} {[%emt 00:05:47]}
11. Bf3 {[%clk 01:52:54]} {[%emt 00:01:27]} Rc8 {[%clk 01:48:58]} {[%emt
00:10:06]} 12. Nc3 {[%clk 01:38:03]} {[%emt 00:15:24]} e6 {[%clk 01:45:11]}
{[%emt 00:04:22]} 13. Ba3 {[%clk 01:33:00]} {[%emt 00:05:39]} Ne7 {[%clk
01:39:19]} {[%emt 00:06:27]} 14. Nb5 {[%clk 01:21:01]} {[%emt 00:12:34]} Ba6
{[%clk 01:35:35]} {[%emt 00:04:18]} 15. Nxa7 {[%clk 01:15:28]} {[%emt
00:06:11]} Rc7 {[%clk 01:32:08]} {[%emt 00:04:02]} 16. Nb5 {[%clk 01:13:38]}
{[%emt 00:02:25]} Bxb5 {[%clk 01:30:16]} {[%emt 00:02:27]} 17. cxb5 {[%clk
01:14:07]} {[%emt 00:00:06]} Re8 {[%clk 01:22:39]} {[%emt 00:15:38]} 18. Qd3
{[%clk 01:01:45]} {[%emt 00:05:30]} Nd7 {[%clk 01:17:06]} {[%emt 00:06:09]} 19.
Rfe1 {[%clk 00:56:25]} {[%emt 00:05:55]} Bxe5 {[%clk 01:08:00]} {[%emt
00:09:40]} 20. dxe5 {[%clk 00:56:40]} {[%emt 00:00:21]} Nc5 {[%clk 01:08:17]}
{[%emt 00:00:18]} 21. Qe2 {[%clk 00:49:19]} {[%emt 00:07:55]} Qa8 {[%clk
01:06:41]} {[%emt 00:02:11]} 22. Bb4 {[%clk 00:47:37]} {[%emt 00:02:15]} Rec8
{[%clk 01:04:22]} {[%emt 00:02:56]} 23. g4 {[%clk 00:44:52]} {[%emt 00:03:20]}
Kg7 {[%clk 00:50:58]} {[%emt 00:14:00]} 24. Bg2 {[%clk 00:24:13]} {[%emt
00:21:14]} Ng8 {[%clk 00:49:15]} {[%emt 00:02:17]} 25. Qe3 {[%clk 00:22:03]}
{[%emt 00:02:46]} Nd7 {[%clk 00:47:13]} {[%emt 00:02:36]} 26. a4 {[%clk
00:21:00]} {[%emt 00:01:38]} Qb7 {[%clk 00:41:34]} {[%emt 00:06:14]} 27. Re2
{[%clk 00:10:54]} {[%emt 00:10:40]} Rc2 {[%clk 00:35:21]} {[%emt 00:06:48]} 28.
Rae1 {[%clk 00:11:06]} {[%emt 00:00:23]} Qc7 {[%clk 00:32:22]} {[%emt
00:03:34]} 29. h3 {[%clk 00:08:42]} {[%emt 00:02:59]} Qd8 {[%clk 00:27:28]}
{[%emt 00:05:29]} 30. Rxc2 {[%clk 00:06:29]} {[%emt 00:02:48]} Rxc2 {[%clk
00:27:56]} {[%emt 00:00:06]} 31. Re2 {[%clk 00:02:50]} {[%emt 00:04:15]} Rxe2
{[%clk 00:23:56]} {[%emt 00:04:35]} 32. Qxe2 {[%clk 00:03:23]} {[%emt
00:00:02]} Qc7 {[%clk 00:24:20]} {[%emt 00:00:11]} 33. Bd6 {[%clk 00:02:25]}
{[%emt 00:01:32]} Qc3 {[%clk 00:24:07]} {[%emt 00:00:48]} 34. Qe3 {[%clk
00:01:44]} {[%emt 00:01:17]} Qc2 {[%clk 00:22:18]} {[%emt 00:02:24]} 35. Bf1
{[%clk 00:01:25]} {[%emt 00:00:54]} f6 {[%clk 00:13:02]} {[%emt 00:09:52]} 36.
exf6+ {[%clk 00:00:51]} {[%emt 00:01:09]} Kxf6 {[%clk 00:13:34]} {[%emt
00:00:02]} 37. f4 {[%clk 00:00:44]} {[%emt 00:00:42]} Kf7 {[%clk 00:12:02]}
{[%emt 00:02:07]} 38. g5 {[%clk 00:00:41]} {[%emt 00:00:38]} Ne7 {[%clk
00:11:53]} {[%emt 00:00:43]} 39. Bxe7 {[%clk 00:00:46]} {[%emt 00:00:30]} Kxe7
{[%clk 00:12:25]} {[%emt 00:00:03]} 40. Bg2 {[%clk 00:01:02]} {[%emt 00:00:20]}
Nc5 {[%clk 00:12:15]} {[%emt 00:00:45]} 41. Qe5 {[%clk 00:01:08]} {[%emt
00:00:28]} Nd7 {[%clk 00:09:29]} {[%emt 00:03:21]} 42. Qg7+ {[%clk 00:00:55]}
{[%emt 00:00:49]} Kd6 {[%clk 00:10:02]} {[%emt 00:00:02]} 43. Qxh7 {[%clk
00:00:50]} {[%emt 00:00:39]} d4 {[%clk 00:10:12]} {[%emt 00:00:26]} 44. Kh2
{[%clk 00:00:41]} {[%emt 00:00:45]} Qf5 {[%clk 00:09:52]} {[%emt 00:00:53]} 45.
Qh4 {[%clk 00:00:54]} {[%emt 00:00:23]} e5 {[%clk 00:08:23]} {[%emt 00:02:04]}
46. fxe5+ {[%clk 00:01:04]} {[%emt 00:00:25]} Qxe5+ {[%clk 00:08:54]} {[%emt
00:00:03]} 47. Qg3 {[%clk 00:01:27]} {[%emt 00:00:13]} Kc5 {[%clk 00:06:54]}
{[%emt 00:02:35]} 48. Qxe5+ {[%clk 00:01:24]} {[%emt 00:00:38]} Nxe5 {[%clk
00:07:28]} 49. Kg3 {[%clk 00:01:24]} {[%emt 00:00:35]} Kb4 {[%clk 00:07:55]}
{[%emt 00:00:08]} 50. Kf2 {[%clk 00:00:54]} {[%emt 00:01:05]} Kxb3 {[%clk
00:08:12]} {[%emt 00:00:19]} 51. a5 {[%clk 00:01:21]} {[%emt 00:00:08]} bxa5
{[%clk 00:08:37]} {[%emt 00:00:10]} 52. b6 {[%clk 00:01:32]} {[%emt 00:00:25]}
Nd7 {[%clk 00:09:02]} {[%emt 00:00:09]} 53. b7 {[%clk 00:01:45]} {[%emt
00:00:22]} a4 {[%clk 00:08:59]} {[%emt 00:00:38]} 54. Ke2 {[%clk 00:00:58]}
{[%emt 00:01:21]} Kc4 {[%clk 00:06:50]} {[%emt 00:02:44]} 55. Bc6 {[%clk
00:00:56]} {[%emt 00:00:38]} Nb8 {[%clk 00:03:35]} {[%emt 00:03:50]} 56. Bxa4
{[%clk 00:01:25]} {[%emt 00:00:06]} d3+ {[%clk 00:04:07]} {[%emt 00:00:03]} 57.
Kd2 {[%clk 00:01:23]} {[%emt 00:00:37]} Kd4 {[%clk 00:03:51]} {[%emt 00:00:52]}
58. Be8 {[%clk 00:01:35]} {[%emt 00:00:21]} Ke4 {[%clk 00:04:15]} {[%emt
00:00:11]} 59. Bxg6+ {[%clk 00:01:52]} {[%emt 00:00:18]} Kf4 {[%clk 00:04:49]}
{[%emt 00:00:01]} 60. h4 {[%clk 00:02:11]} {[%emt 00:00:17]} Kg4 {[%clk
00:05:23]} {[%emt 00:00:01]} 61. Bxd3 {[%clk 00:02:20]} {[%emt 00:00:25]}  1-0

[Event "The Irish Championship 2020"]
[Site "Colaiste Eanna, Dublin, Ireland"]
[Date "2020.08.04"]
[Round "4"]
[Board "13"]
[White "Byrne, Alex"]
[Black "Peoples, Jonathon"]
[Result "0-1"]
[WhiteElo "1976"]
[BlackElo "1932"]
[PlyCount "0"]
[EventDate "2020.08.01"]
[EventRounds "9"]
[EventCountry "IRL"]

1. e4 {[%clk 02:10:22]} {[%emt 00:05:47]} c5 {[%clk 02:15:52]} {[%emt
00:00:18]} 2. a3 {[%clk 02:10:50]} {[%emt 00:00:08]} g6 {[%clk 02:15:53]}
{[%emt 00:00:33]} 3. b4 {[%clk 02:11:23]} {[%emt 00:00:02]} Bg7 {[%clk
02:16:10]} {[%emt 00:00:18]} 4. Nc3 {[%clk 02:11:57]} {[%emt 00:00:02]} d6
{[%clk 02:15:26]} {[%emt 00:01:18]} 5. g3 {[%clk 02:11:00]} {[%emt 00:01:33]}
Nc6 {[%clk 02:15:33]} {[%emt 00:00:28]} 6. Rb1 {[%clk 02:11:32]} {[%emt
00:00:04]} Nf6 {[%clk 02:15:32]} {[%emt 00:00:35]} 7. Bg2 {[%clk 02:11:58]}
{[%emt 00:00:08]} b6 {[%clk 02:15:11]} {[%emt 00:00:56]} 8. e5 {[%clk
02:11:06]} {[%emt 00:01:29]} Nxe5 {[%clk 02:15:33]} {[%emt 00:00:12]} 9. Bxa8
{[%clk 01:51:25]} {[%emt 00:20:17]} Bg4 {[%clk 02:15:45]} {[%emt 00:00:23]} 10.
Bf3 {[%clk 01:50:39]} {[%emt 00:01:20]} Nxf3+ {[%clk 02:12:57]} {[%emt
00:03:23]} 11. Nxf3 {[%clk 01:51:11]} {[%emt 00:00:03]} Qa8 {[%clk 02:13:15]}
{[%emt 00:00:17]} 12. O-O {[%clk 01:45:18]} {[%emt 00:06:29]} Bxf3 {[%clk
01:59:40]} {[%emt 00:14:10]} 13. Qe1 {[%clk 01:45:30]} {[%emt 00:00:23]} Ng4
{[%clk 01:58:38]} {[%emt 00:01:37]} 14. Nb5 {[%clk 01:40:48]} {[%emt 00:05:17]}
Kf8 {[%clk 01:54:56]} {[%emt 00:04:15]} 15. Rb3 {[%clk 01:37:48]} {[%emt
00:03:37]} h5 {[%clk 01:44:25]} {[%emt 00:11:07]} 16. bxc5 {[%clk 01:27:14]}
{[%emt 00:11:09]} dxc5 {[%clk 01:41:55]} {[%emt 00:03:05]} 17. Rd3 {[%clk
01:16:13]} {[%emt 00:11:36]} Ne5 {[%clk 01:35:14]} {[%emt 00:07:19]} 18. Re3
{[%clk 01:11:22]} {[%emt 00:05:25]} Bh1 {[%clk 01:31:52]} {[%emt 00:03:58]} 19.
f3 {[%clk 01:11:40]} {[%emt 00:00:19]} Nxf3+ {[%clk 01:32:11]} {[%emt
00:00:13]} 20. Rfxf3 {[%clk 01:01:47]} {[%emt 00:12:41]} Bxf3 {[%clk 01:32:09]}
21. c3 {[%clk 00:59:47]} {[%emt 00:01:00]} Bf6 {[%clk 01:25:54]} {[%emt
00:06:49]} 22. Qf1 {[%clk 00:49:28]} {[%emt 00:10:55]} Bc6 {[%clk 01:15:43]}
{[%emt 00:10:44]} 23. Nd6 {[%clk 00:48:01]} {[%emt 00:02:04]} Qd8 {[%clk
01:05:39]} {[%emt 00:10:38]} 24. Ne4 {[%clk 00:48:30]} {[%emt 00:00:07]} Bxe4
{[%clk 01:02:18]} {[%emt 00:03:56]} 25. Rxe4 {[%clk 00:49:04]} {[%emt
00:00:02]} Qd5 {[%clk 01:01:25]} {[%emt 00:01:26]} 26. d3 {[%clk 00:47:30]}
{[%emt 00:02:11]} Bxc3 {[%clk 00:56:47]} {[%emt 00:05:12]} 27. h4 {[%clk
00:43:17]} {[%emt 00:04:48]} Bf6 {[%clk 00:50:50]} {[%emt 00:06:31]} 28. Ra4
{[%clk 00:43:23]} {[%emt 00:00:30]} Qd7 {[%clk 00:48:29]} {[%emt 00:02:54]} 29.
Qf4 {[%clk 00:43:40]} {[%emt 00:00:21]} Bd4+ {[%clk 00:48:50]} {[%emt
00:00:14]}  0-1

[Event "The Irish Championship 2020"]
[Site "Colaiste Eanna, Dublin, Ireland"]
[Date "2020.08.04"]
[Round "4"]
[Board "15"]
[White "Mirza, Diana"]
[Black "O'Gorman, Alice"]
[Result "1/2-1/2"]
[WhiteElo "1939"]
[BlackElo "1904"]
[PlyCount "0"]
[EventDate "2020.08.01"]
[EventRounds "9"]
[EventCountry "IRL"]

1. d4 {[%emt 00:09:12]} d5 {[%emt 00:00:05]} 2. Nf3 {[%emt 00:00:31]} c6 {[%emt
00:00:04]} 3. e3 {[%emt 00:00:16]} Bf5 {[%emt 00:00:24]} 4. c4 {[%emt
00:00:19]} e6 {[%emt 00:00:39]} 5. Be2 {[%emt 00:00:38]} Nf6 {[%emt 00:00:45]}
6. O-O {[%emt 00:02:23]} Be7 {[%emt 00:00:34]} 7. Ne5 {[%emt 00:04:14]} O-O
{[%emt 00:03:08]} 8. g4 {[%emt 00:03:44]} Bg6 {[%emt 00:02:37]} 9. Nd2 {[%emt
00:02:21]} Ne4 {[%emt 00:04:36]} 10. f3 {[%emt 00:14:56]} Nxd2 {[%emt
00:01:47]} 11. Bxd2 {[%emt 00:00:12]} Bd6 {[%emt 00:03:00]} 12. Qe1 {[%emt
00:09:13]} Nd7 {[%emt 00:04:31]} 13. Nxg6 {[%emt 00:04:20]} hxg6 {[%emt
00:00:22]} 14. e4 {[%emt 00:01:59]} e5 {[%emt 00:07:18]} 15. f4 {[%emt
00:08:37]} exd4 {[%emt 00:11:16]} 16. cxd5 {[%emt 00:01:47]} cxd5 {[%emt
00:02:08]} 17. e5 {[%emt 00:00:29]} Be7 {[%emt 00:01:36]} 18. g5 {[%emt
00:12:48]} f6 {[%emt 00:07:49]} 19. Bd3 {[%emt 00:20:10]} f5 20. b4 {[%emt
00:02:13]} Nb6 {[%emt 00:07:20]} 21. Rf3 {[%emt 00:01:45]} Nc4 {[%emt
00:04:18]} 22. Rh3 {[%emt 00:02:14]} Qb6 {[%emt 00:02:37]} 23. a3 {[%emt
00:01:21]} Kf7 {[%emt 00:05:24]} 24. Qe2 {[%emt 00:04:39]} Nxd2 {[%emt
00:10:15]} 25. Qxd2 {[%emt 00:00:16]} a5 {[%emt 00:10:03]} 26. bxa5 {[%emt
00:11:01]} Qxa5 {[%emt 00:06:39]} 27. e6+ {[%emt 00:07:03]} Kxe6 {[%emt
00:15:23]} 28. Qe2+ {[%emt 00:02:24]} Kd7 {[%emt 00:03:13]} 29. Bb5+ {[%emt
00:03:47]} Kd8 {[%emt 00:02:57]} 30. a4 {[%emt 00:03:44]} Qb6 {[%emt 00:02:36]}
31. Kg2 {[%emt 00:03:50]} Qd6 {[%emt 00:03:29]} 32. Re1 {[%emt 00:01:35]} Rc8
{[%emt 00:04:24]} 33. Rd3 {[%emt 00:01:33]} Rc7 {[%emt 00:01:49]} 34. Rxd4
{[%emt 00:02:05]} Kc8 {[%emt 00:06:42]} 35. Red1 {[%emt 00:01:25]} Rh8 {[%emt
00:02:10]} 36. h3 {[%emt 00:01:34]} Rc3 {[%emt 00:04:06]} 37. R1d3 {[%emt
00:06:13]} Rxd3 {[%emt 00:00:15]} 38. Qxd3 {[%emt 00:01:56]} Kb8 {[%emt
00:01:02]} 39. Qf3 {[%emt 00:01:56]} Rc8 {[%emt 00:01:11]} 40. Rxd5 {[%emt
00:03:27]} Rc2+ {[%emt 00:00:38]} 41. Kg3 {[%emt 00:04:31]} Qb4 {[%emt
00:00:44]} 42. Qe3 {[%emt 00:00:47]} Rc3 {[%emt 00:01:15]} 43. Bd3 {[%emt
00:01:29]} Rc7 {[%emt 00:02:14]} 44. Rd4 {[%emt 00:01:26]}  1/2-1/2

[Event "The Irish Championship 2020"]
[Site "Colaiste Eanna, Dublin, Ireland"]
[Date "2020.08.04"]
[Round "4"]
[Board "16"]
[White "Cafolla, Peter"]
[Black "MacElligott, Gerard"]
[Result "1-0"]
[WhiteElo "1955"]
[BlackElo "2020"]
[PlyCount "0"]
[EventDate "2020.08.01"]
[EventRounds "9"]
[EventCountry "IRL"]

1. d4 {[%clk 02:16:05]} {[%emt 00:00:03]} Nf6 {[%emt 00:01:14]} 2. c4 {[%clk
02:16:24]} {[%emt 00:00:07]} c5 {[%emt 00:00:46]} 3. d5 {[%clk 02:16:44]}
{[%emt 00:00:09]} b5 {[%emt 00:00:13]} 4. cxb5 {[%clk 02:16:54]} {[%emt
00:00:18]} a6 {[%emt 00:00:12]} 5. b6 {[%clk 02:17:18]} {[%emt 00:00:05]} d6
{[%emt 00:02:32]} 6. Nc3 {[%clk 02:17:29]} {[%emt 00:00:15]} Qxb6 {[%emt
00:00:32]} 7. a4 {[%clk 02:17:12]} {[%emt 00:00:46]} Nbd7 {[%emt 00:01:35]} 8.
a5 {[%clk 02:17:23]} {[%emt 00:00:19]} Qc7 {[%emt 00:01:09]} 9. Nf3 {[%clk
02:17:42]} {[%emt 00:00:11]} g6 {[%emt 00:00:26]} 10. e4 {[%clk 02:16:33]}
{[%emt 00:01:39]} Bg7 {[%emt 00:00:36]} 11. Be2 {[%clk 02:15:09]} {[%emt
00:01:55]} O-O {[%emt 00:00:45]} 12. O-O {[%clk 02:15:22]} {[%emt 00:00:16]}
Bb7 {[%emt 00:23:46]} 13. Nd2 {[%clk 02:05:36]} {[%emt 00:09:55]} e6 {[%emt
00:08:32]} 14. Nc4 {[%clk 01:58:13]} {[%emt 00:07:47]} exd5 {[%emt 00:00:22]}
15. exd5 {[%clk 01:57:42]} {[%emt 00:00:59]} Ne5 {[%emt 00:08:16]} 16. Nb6
{[%clk 01:42:57]} {[%emt 00:15:17]} Rad8 {[%emt 00:05:38]} 17. f4 {[%clk
01:39:19]} {[%emt 00:04:07]} Ned7 {[%emt 00:00:20]} 18. Nc4 {[%clk 01:39:35]}
{[%emt 00:00:16]} Rfe8 {[%emt 00:14:43]} 19. Bf3 {[%clk 01:27:43]} {[%emt
00:12:19]} Bc8 {[%emt 00:13:42]} 20. Ra3 {[%clk 01:19:13]} Nf8 {[%emt
00:01:21]} 21. Rb3 {[%clk 01:02:15]} {[%emt 00:17:21]} Bf5 {[%emt 00:09:42]} 22.
g4 {[%clk 00:55:03]} {[%emt 00:07:33]} Be4 {[%emt 00:04:03]} 23. g5 {[%clk
00:53:17]} {[%emt 00:01:20]} Bxf3 {[%emt 00:00:50]} 24. Qxf3 {[%clk 00:53:38]}
{[%emt 00:00:10]} N6d7 {[%emt 00:00:54]} 25. Ne4 {[%clk 00:50:42]} {[%emt
00:03:14]} Bd4+ {[%emt 00:14:36]} 26. Kh1 {[%clk 00:50:03]} {[%emt 00:01:03]}
Rb8 {[%emt 00:00:50]} 27. Rxb8 {[%clk 00:35:09]} {[%emt 00:15:17]} Qxb8 {[%emt
00:03:13]} 28. Nexd6 {[%clk 00:29:25]} {[%emt 00:06:08]} Re7 {[%emt 00:03:30]}
29. f5 {[%clk 00:27:10]} {[%emt 00:02:40]} Ne5 {[%emt 00:00:52]} 30. Nxe5
{[%clk 00:27:15]} {[%emt 00:00:20]} Rxe5 {[%emt 00:02:17]} 31. Nxf7 {[%clk
00:25:55]} {[%emt 00:01:49]} Nd7 {[%emt 00:12:39]} 32. Nxe5 {[%clk 00:20:15]}
{[%emt 00:06:04]} Nxe5 {[%emt 00:00:27]} 33. Qe4 {[%clk 00:19:39]} {[%emt
00:01:04]} Qb3 {[%emt 00:01:44]} 34. fxg6 {[%clk 00:17:05]} {[%emt 00:03:00]}
hxg6 {[%emt 00:05:43]} 35. d6 {[%clk 00:17:00]} {[%emt 00:00:29]} Qh3 {[%emt
00:03:05]} 36. Qf4 {[%clk 00:15:18]} {[%emt 00:02:08]} Qc8 {[%emt 00:02:53]} 37.
Qe4 {[%clk 00:12:39]} {[%emt 00:03:02]} Kg7 {[%emt 00:05:26]} 38. Bf4 {[%clk
00:11:59]} {[%emt 00:01:00]} Qh3 {[%emt 00:04:46]} 39. Bxe5+ {[%clk 00:12:16]}
{[%emt 00:00:12]}  1-0